| 000 | 01374cam a22002895a 4500 | ||
|---|---|---|---|
| 001 | L159395 | ||
| 008 | 230125s2022 xxk fo 000 0 eng d | ||
| 020 | _a9781783214808 | ||
| 041 | 0 | _aeng | |
| 110 | 2 |
_aRoyal Institution of Chartered Surveyors _94900 |
|
| 245 | 0 | 0 |
_aValuation of buy-to-let properties and HMO properties _h[electronic resource] |
| 250 | _a2nd ed | ||
| 260 |
_aLondon, _bRoyal Institution of Chartered Surveyors, _c2022 |
||
| 300 | _a52p | ||
| 490 | _aRICS Professional Standard | ||
| 520 | _aSets out guidance for valuers undertaking the valuation of the residential investment properties for buy-to-let purposes ranging from single units to houses in multiple occupation (HMOs) and multi-unit blocks. The guidance is applicable to valuers who are instructed by lenders and private clients. | ||
| 520 | _aEffective from 1 December 2022 | ||
| 520 | _aSupersedes 1st edition 2016 (ISBN 9781783211739) | ||
| 590 | _aKA | ||
| 650 | 2 | 4 | _aBUY-TO-LET |
| 650 | 2 | 4 | _aHOUSES IN MULTIPLE OCCUPATION |
| 651 | 4 | _aUnited Kingdom | |
| 690 |
_aValuation _96273 |
||
| 690 |
_aResidential property _96266 |
||
| 856 | 4 | 0 |
_uhttps://www.rics.org/profession-standards/rics-standards-and-guidance/sector-standards/valuation-standards/valuation-of-buy-to-let-and-hmo-properties--2nd-edition _zView the item free of charge from www.rics.org. |
| 942 |
_n0 _2ddc |
||
| 999 |
_c121336 _d121336 |
||